STN EN 1498: 2001 (85 6543), Záchranné prostriedky. Záchranné slučky

Táto národná norma je identická s EN 1498: 1996

Bibliographic Details
Main Author: Kostková, Viera (Author)
Other Authors: Janošťák, Vincent (Translator)
Format: Book
Language:Slovak
English
PhysicalDescription:16 s. obr., tab. 30 cm
Published: Bratislava Slovenský ústav technickej normalizácie 2001
Subjects:

MARC

LEADER 00000cam a2200000 a 4500
001 vtls010340425
003 SK-MaSNL
005 20260302012106.0
008 130117s2001 xo a f u 000 0 slo
015 |a SNBN2014 
020 |c (cen. skup. 11) 
040 |a SNK  |b slo  |c SNK  |e AACR2 
041 1 |a slo  |h eng 
044 |a xo  |c SK 
046 |a m  |m 200110 (účin.)  |n 200705 
072 7 |a 614.8  |x Úrazy a ich prevencia  |2 konspekt 
080 |a 614.888  |2 2001 
080 |a 006.88  |2 2001 
080 |a (437.6)  |2 2001 
080 |a (4)  |2 2001 
080 |a (083)  |2 2001 
084 |a 13.220.10  |2 ICS 
084 |a 13.340.20  |2 ICS 
130 0 |a STN 83 2626 (STN EN 1498)  |9 653496 
245 1 0 |a STN EN 1498: 2001 (85 6543), Záchranné prostriedky. Záchranné slučky 
246 1 0 |a Záchranné prostriedky 
246 1 0 |a Záchranné slučky 
260 |a Bratislava  |b Slovenský ústav technickej normalizácie  |c 2001 
300 |a 16 s.  |b obr., tab.  |c 30 cm 
500 |a Súbežný názov v angličtine, francúzštine, nemčine 
500 |a Spracovateľ: Vincent Janošťák ; SÚTN, Viera Kostková 
504 |a Súvisiace právne predpisy, citované normy s. 2 
520 8 |a Táto národná norma je identická s EN 1498: 1996 
540 |a STN vydané na akomkoľvek nosiči sa môžu rozmnožovať a rozširovať iba so súhlasom určenej právnickej osoby  |b SÚTN Bratislava  |c zákon 264/1999 Z.z. 
650 0 7 |a záchranné prostriedky  |2 SNKPH  |9 97951 
650 0 7 |a Rescue equipment  |2 SNKPHeng  |9 407441 
650 0 7 |a technické normy a štandardy  |z Slovensko  |2 SNKPH  |9 79594 
650 0 7 |a technické normy a štandardy  |z krajiny Európskej únie  |2 SNKPH  |9 289341 
655 7 |a normy  |2 SNKPH  |9 70643 
700 1 |a Kostková, Viera  |4 aut  |9 314387 
700 1 |a Janošťák, Vincent  |4 trl  |9 320459 
710 2 |a Slovenský ústav technickej normalizácie  |4 stn  |9 32706 
852 |a Štátna vedecká knižnica v Banskej Bystrici 
958 |a OP 
958 |a NB 
999 |c 1008421  |d 1010351 
952 |a SNK  |b SNK  |y PREZ  |7 0  |p 17A0877471  |o snkSTN EN 1498  |i snk2012/3359  |8 0  |0 0  |1 0  |4 0  |d 2012-02-08  |l 0  |r 2026-02-24 12:43:06  |w 2026-02-24 
952 |a SNK  |b SNK  |y PREZ  |7 0  |p 17A0877470  |o snkSTN EN 1498 D1  |i snk2012/3360  |8 0  |0 0  |1 0  |4 0  |d 2012-02-08  |l 0  |r 2026-02-24 12:43:06  |w 2026-02-24